Historical Figures whose Names starts with N - Statistics

General Stats
  • This quiz has been taken 37 times
  • The average score is 12 of 20
Answer Stats
Picture Hint Answer % Correct
French general and emperor Napoleon Bonaparte
100%
first democratically elected president of South Africa Nelson Mandela
100%
First person to walk on the moon Neil Armstrong
97%
The last Roman emperor of the Julio-Claudian dynasty, known for his controversial reign Nero Claudius Caesar Augustus Germanicus
94%
first female Speaker of the U.S. House of Representatives Nancy Pelosi
86%
Serbian-American inventor and engineer Nikola Tesla
86%
Egyptian queen Nefertiti
77%
Soviet leader during the Cold War Nikita Khrushchev
77%
heliocentrism Nicolaus Copernicus
74%
The last Emperor of Russia Nicholas II of Russia
71%
appeasement policy during Interbellum Neville Chamberlain
60%
Italian diplomat and philosopher, famous for The Prince Niccolò Machiavelli
60%
The first president, second emperor, and last monarch of France Napoleon III (Louis-Napoléon Bonaparte)
49%
Nobel Prize-winning Danish physicist Niels Bohr
49%
author of the Scarlet Letter Nathaniel Hawthorne
46%
communist dictator of Romania Nicolae Ceaușescu
34%
High Priestess of Soul Nina Simone
23%
enslaved Black carpenter and preacher who led a four-day rebellion Nat Turner
17%
invented the compressed charge internal combustion engine Nicolaus Otto
11%
British stockbroker and humanitarian, star in One Life Nicholas Winton
6%
No matching quizzes found
Score Distribution
Percent of People with Each Score
Percentile by Number Answered
Your Score History
You have not taken this quiz